| 000 | 01467cam a2200373 a 4500 | ||
|---|---|---|---|
| 001 | EDZ0000064179 | ||
| 003 | StDuBDS | ||
| 005 | 20161031105204.0 | ||
| 006 | m||||||||d|||||||| | ||
| 007 | cr ||||||||||| | ||
| 008 | 120327s2001 enka fo| 001|0|eng|d | ||
| 020 |
_a9781446217320 (ebook) : _cNo price |
||
| 040 |
_aStDuBDS _beng _cStDuBDS _epn |
||
| 049 | _aAlfaisal Main Library | ||
| 050 | 0 |
_aRC489.S65 _bO26 2001 |
|
| 082 | 0 | 4 |
_a155.9042 _223 |
| 100 | 1 |
_aO'Connell, Bill, _d1946- |
|
| 245 | 1 | 0 |
_aSolution-focused stress counselling _h[electronic resource] / _cBill O'Connell. |
| 260 |
_aLondon : _bContinuum, _c2001. |
||
| 300 |
_a1 online resource (x, 145 p.) : _bill. |
||
| 490 | 1 | _aStress counselling | |
| 520 | 8 | _aWritten for a wide range of professionals: psychologists counsellors; social workers; probation officers; and mental health workers, this solution-focussed therapy manual looks at organisational and work-related stress. | |
| 521 | _aSpecialized. | ||
| 588 | _aDescription based on print version record. | ||
| 504 | _aIncludes bibliographical references and index. | ||
| 650 | 0 | _aSolution-focused therapy. | |
| 650 | 0 | _aStress management. | |
| 655 | 7 |
_aElectronic books. _2local |
|
| 710 | 2 | _aSage eBooks | |
| 776 | 0 | 8 |
_iPrint version : _z9780826453112 |
| 830 | 0 | _aStress counselling. | |
| 856 | 4 | 0 | _uhttp://ezproxy.alfaisal.edu/login?url=http://sk.sagepub.com/books/solution-focused-stress-counselling |
| 942 |
_2lcc _cEBOOKS |
||
| 999 |
_c481280 _d481280 |
||